000
00215 a2200097 4500
001
53215
100
_a
S Hashim Raza
245
_a
Mission to Iran
260
_a
Lahore
_b
Vanguard Books Ltd
_c
090
_c
33501
_d
33501
942
_a
NUST-CAE
_c
M
_c
26116
999
_c
288288
_d
288288